Countries by English-speaking population - Statistics

General Stats
  • This quiz has been taken 31 times
  • The average score is 17 of 25
Answer Stats
Population Country % Correct
63.7 M United Kingdom
100%
23.1 M Australia
93%
30.4 M Canada
93%
31 M South Africa
93%
299.2 M United States
93%
45.9 M Germany
85%
129.2 M India
85%
125 M Nigeria
85%
38.6 M France
78%
108 M Pakistan
78%
85.9 M Indonesia
70%
41.3 M Kenya
67%
15.6 M Mexico
67%
70.1 M Philippines
67%
38.8 M Egypt
63%
17.6 M Ghana
63%
12 M Brazil
59%
15.5 M Malaysia
59%
12 M Türkiye
56%
15.2 M Netherlands
52%
19 M Poland
52%
19.8 M Uganda
52%
17.1 M Thailand
44%
17 M Ukraine
37%
11.8 M Zimbabwe
30%
No matching quizzes found
Score Distribution
Percent of People with Each Score
Percentile by Number Answered
Your Score History
You have not taken this quiz